Подробности
| 000 -МАРКЕР |
| контрольное поле |
03083nam0a2200385 4500 |
| 001 - ИДЕНТИФИКАТОР ЗАПИСИ |
| контрольное поле |
RU\NLR\bibl\1387332 |
| 005 - ИДЕНТИФИКАТОР ВЕРСИИ |
| контрольное поле |
20260407143723.0 |
| 010 ## - МЕЖДУНАРОДНЫЙ СТАНДАРТНЫЙ НОМЕР КНИГИ (ISBN) |
| Номер (ISBN) |
978-5-246-00980-2 |
| 021 ## - НОМЕР ГОСУДАРСТВЕННОЙ РЕГИСТРАЦИИ |
| Код страны |
российская федерация |
| Номер |
2009-34256 |
| Номер Листа государственной регистраци |
2063 |
| 035 ## - ДРУГИЕ СИСТЕМНЫЕ НОМЕРА |
| Идентификатор записи |
(NLR Aleph) 001379391 |
| 100 ## - ДАННЫЕ ОБЩЕЙ ОБРАБОТКИ |
| Данные общей обработки |
20090626d2009 |||y0rusy50 ca |
| 101 0# - ЯЗЫК РЕСУРСА |
| Язык текста, звукозаписи и т.д. |
русский |
| 102 ## - СТРАНА ПУБЛИКАЦИИ ИЛИ ПРОИЗВОДСТВА |
| Страна публикации |
российская федерация |
| 105 ## - ПОЛЕ КОДИРОВАННЫХ ДАННЫХ: ТЕКСТОВЫЕ МАТЕРИАЛЫ, МОНОГРАФИЧЕСКИЕ |
| Кодированные данные о монографическом текстовом документе |
a ||||||||| |
| 200 1# - ЗАГЛАВИЕ И СВЕДЕНИЯ ОБ ОТВЕТСТВЕННОСТИ |
| Основное заглавие |
Бизнеc-карта-2009.[Промышленность. Отрасль. Деловая Россия. Деловые справочники] Т. 4 |
| Наименование части |
Текстильная, швейная и обувная промышленность. Товары для дома: ткани, пряжа, ковры. Одежда, белье. Головные уборы. Обувь, изделия из кожи. Сувениры. Игры. Игрушки. Ювелирные изделия. Спорттовары, Россия и другие страны СНГ |
| Первые сведения об ответственности |
Агентство деловой информации [Бизнес-карта] |
| 210 ## - ПУБЛИКАЦИЯ, РАСПРОСТРАНЕНИЕ И ДР. |
| Место издания, распространения и т.д. |
Москва |
| Имя издателя, распространителя и т. д. |
Агентство деловой информации "Бизнес-карта" |
| Дата издания, распространения и т.д. |
2009 |
| 215 ## - ФИЗИЧЕСКАЯ ХАРАКТЕРИСТИКА |
| Специфическое обозначение материала и объем |
750, [1] с. |
| Другие сведения о физической характеристике |
ил. |
| Размеры |
29 |
| 300 ## - ОБЩИЕ ПРИМЕЧАНИЯ |
| Текст примечания |
Загл. обл.: Текстильная, швейная и обувная промышленность. Товары для дома: ткани, пряжа, ковры. Одежда, белье. Головные уборы. Обувь, изделия из кожи. Сувениры. Игры. Игрушки. Ювелирные изделия. Спорттовары, СНГ |
| 300 ## - ОБЩИЕ ПРИМЕЧАНИЯ |
| Текст примечания |
Загл. корешка: СНГ, Текстильная, швейная и обувная промышленность. Товары для дома |
| 320 ## - ПРИМЕЧАНИЯ О НАЛИЧИИ В ДОКУМЕНТЕ БИБЛИОГРАФИИ / УКАЗАТЕЛЯ |
| Текст примечания |
Указатели: с. 651-750 |
| 512 1# - ЗАГЛАВИЕ ОБЛОЖКИ |
| Заглавие обложки |
Текстильная, швейная и обувная промышленность. Товары для дома: ткани, пряжа, ковры. Одежда, белье. Головные уборы. Обувь, изделия из кожи. Сувениры. Игры. Игрушки. Ювелирные изделия. Спорттовары, СНГ |
| 516 1# - ЗАГЛАВИЕ НА КОРЕШКЕ [ИЗДАНИЯ] |
| Заглавие на корешке |
СНГ, Текстильная, швейная и обувная промышленность. Товары для дома |
| 606 1# - НАИМЕНОВАНИЕ ТЕМЫ КАК ПРЕДМЕТ |
| Наименование темы |
Текстильная промышленность |
| Формальный подзаголовок |
Бизнес-карты |
| Географический подзаголовок |
Страны СНГ |
| Системный номер авторитетной/нормативной записи |
2117413 |
| Идентификатор авторитетной/нормативной записи |
RU\NLR\auth\661279004 |
| 606 1# - НАИМЕНОВАНИЕ ТЕМЫ КАК ПРЕДМЕТ |
| Наименование темы |
Швейная промышленность |
| Формальный подзаголовок |
Бизнес-карты |
| Географический подзаголовок |
Страны СНГ |
| Системный номер авторитетной/нормативной записи |
2117415 |
| Идентификатор авторитетной/нормативной записи |
RU\NLR\auth\661279005 |
| 606 1# - НАИМЕНОВАНИЕ ТЕМЫ КАК ПРЕДМЕТ |
| Наименование темы |
Обувная промышленность |
| Формальный подзаголовок |
Бизнес-карты |
| Географический подзаголовок |
Страны СНГ |
| Системный номер авторитетной/нормативной записи |
2117405 |
| Идентификатор авторитетной/нормативной записи |
RU\NLR\auth\661279000 |
| 686 ## - ИНДЕКСЫ ДРУГИХ КЛАССИФИКАЦИЙ |
| Индекс |
У30(2)64я2 |
| 686 ## - ИНДЕКСЫ ДРУГИХ КЛАССИФИКАЦИЙ |
| Индекс |
У30(2)65я2 |
| 686 ## - ИНДЕКСЫ ДРУГИХ КЛАССИФИКАЦИЙ |
| Индекс |
У30(2)66я2 |
| 712 02 - НАИМЕНОВАНИЕ ОРГАНИЗАЦИИ - ВТОРИЧНАЯ ОТВЕТСТВЕННОСТЬ |
| Код отношения |
Прочие |
| Начальный элемент ввода |
"Бизнес-карта", агентство деловой информации |
| Идентифицирующий признак |
Москва |
| Идентификатор авторитетной/нормативной записи |
RU\NLR\AUTH\8810016251 |
| Системный номер авторитетной/нормативной записи |
530346 |
| 801 #0 - ИСТОЧНИК ЗАПИСИ |
| Страна |
российская федерация |
| Организация |
NLR |
| Дата составления |
20090626 |
| Правила каталогизации |
RCR |
| 801 #1 - ИСТОЧНИК ЗАПИСИ |
| Страна |
российская федерация |
| Организация |
NLR |
| Дата составления |
20090626 |
| 942 ## - ДОПОЛНИТЕЛЬНЫЕ ЭЛЕМЕНТЫ ЗАПИСИ (АБИС) |
| Тип экземпляра АБИС |
Книга |
| 980 ## - КОЛЛЕКЦИЯ |
| Название коллекции |
Национальная библиография |